Punjab district gazetteers: Amritsar (statistical tables) (Record no. 389650)

000 -LEADER
fixed length control field 00343cam a22001097a 4500
008 - FIXED-LENGTH DATA ELEMENTS--GENERAL INFORMATION
fixed length control field 180718b1934 xxu||||| |||| 00| 0 eng d
082 ## - DEWEY DECIMAL CLASSIFICATION NUMBER
Classification number A75 P969A/1934
100 ## - MAIN ENTRY--PERSONAL NAME
Personal name Macfarquhar, A.
245 ## - TITLE STATEMENT
Title Punjab district gazetteers: Amritsar (statistical tables)
Statement of responsibility, etc. by A. Macfarquhar
260 ## - PUBLICATION, DISTRIBUTION, ETC.
Place of publication, distribution, etc. Lahore
Name of publisher, distributor, etc. Punjab District gazetteers
Date of publication, distribution, etc. 1934
300 ## - PHYSICAL DESCRIPTION
Extent ccp.
Holdings
Withdrawn status Lost status Damaged status Not for loan Permanent Location Current Location Date acquired Full call number Barcode Date last seen Price effective from Koha item type
        Indian Institute of Public Administration Indian Institute of Public Administration 1999-06-23 A75 P969A/1934 27660 2018-07-21 2018-07-21 Book
        Indian Institute of Public Administration Indian Institute of Public Administration 1999-06-23 A75 P969A/1947 27659 2018-07-21 2018-07-21 Book

Powered by Koha